Noem 50 bekende werkwoorden - met eerste letter - Statistieken

Algemene statistieken
  • Deze quiz is 29 keer genomen
  • De gemiddelde score is 10 van 50
Antwoordstatistieken
Eerste letter Werkwoord % Correct
Doen
68%
Lopen
68%
Moeten
52%
E Eten
44%
Geven
40%
Kijken
40%
Kunnen
40%
W Werken
40%
Hebben
36%
M Maken
36%
Koken
32%
Lezen
32%
D Denken
28%
Komen
28%
P Praten
28%
Leven
24%
Liggen
24%
Luisteren
24%
Mogen
24%
Vragen
24%
Kopen
20%
L Lachen
20%
Laten
20%
Staan
20%
Brengen
16%
H Halen
16%
Helpen
16%
K Kennen
16%
O Openen
16%
S Slapen
16%
Blijven
12%
Hangen
12%
Houden
12%
R Rijden
12%
Trekken
12%
V Vallen
12%
Vinden
12%
Heten
8%
Missen
8%
A Antwoorden
4%
B Bijten
4%
Draaien
4%
Geloven
4%
Klimmen
4%
T Tillen
4%
Bouwen
0%
G Gaat
0%
Leiden
0%
Spelen
0%
Sturen
0%
Geen overeenkomende quizzen gevonden
Scoreverdeling
Procent van Mensen met Elke Score
Percentiel versus Aantal Correcte Antwoorden
Uw Scoregeschiedenis
U heeft deze quiz nog niet genomen